<?xml version="1.0" encoding="UTF-8"?>
<record
    xmlns:xsi="http://www.w3.org/2001/XMLSchema-instance"
    xsi:schemaLocation="http://www.loc.gov/MARC21/slim http://www.loc.gov/standards/marcxml/schema/MARC21slim.xsd"
    xmlns="http://www.loc.gov/MARC21/slim">

  <leader>00797nam a22001937a 4500</leader>
  <controlfield tag="005">20160824142854.0</controlfield>
  <controlfield tag="008">160824b        vau||||| |||| 00| 0 eng d</controlfield>
  <datafield tag="020" ind1=" " ind2=" ">
    <subfield code="a">0873535588</subfield>
  </datafield>
  <datafield tag="050" ind1=" " ind2=" ">
    <subfield code="a">QA13</subfield>
    <subfield code="b">P47 2004</subfield>
  </datafield>
  <datafield tag="245" ind1="1" ind2="0">
    <subfield code="a">Perspectives on the teaching of mathematics: sixty-sixty yearbook /</subfield>
    <subfield code="c">[edited by] Rheta N. Rubenstein, George W. Bright</subfield>
  </datafield>
  <datafield tag="250" ind1=" " ind2=" ">
    <subfield code="a">1a ed.</subfield>
  </datafield>
  <datafield tag="260" ind1=" " ind2=" ">
    <subfield code="a">Reston, Virginia : </subfield>
    <subfield code="b">National Council of Teachers of Mathematics, </subfield>
    <subfield code="c"> c2004</subfield>
  </datafield>
  <datafield tag="300" ind1=" " ind2=" ">
    <subfield code="a">72 paginas.:</subfield>
    <subfield code="b">ilustraciones.,</subfield>
    <subfield code="c">23 cm.</subfield>
  </datafield>
  <datafield tag="490" ind1=" " ind2=" ">
    <subfield code="a">Yearbook; 66th Yearbook (National Council of Teachers of Mathematics); 66th</subfield>
  </datafield>
  <datafield tag="504" ind1=" " ind2=" ">
    <subfield code="a">Incluye referencias</subfield>
  </datafield>
  <datafield tag="650" ind1=" " ind2="7">
    <subfield code="2">Lemb</subfield>
    <subfield code="a">Matem&#xE1;ticas</subfield>
    <subfield code="x">Estudio y ense&#xF1;anza </subfield>
    <subfield code="z">Estados Unidos</subfield>
  </datafield>
  <datafield tag="700" ind1="1" ind2=" ">
    <subfield code="a">Rubenstein, Rheta N. (Rheta Norma),</subfield>
    <subfield code="d">1947-, </subfield>
    <subfield code="e"> editor</subfield>
  </datafield>
  <datafield tag="942" ind1=" " ind2=" ">
    <subfield code="2">lcc</subfield>
    <subfield code="c">LIB</subfield>
  </datafield>
  <datafield tag="999" ind1=" " ind2=" ">
    <subfield code="c">120365</subfield>
    <subfield code="d">120365</subfield>
  </datafield>
  <datafield tag="952" ind1=" " ind2=" ">
    <subfield code="1">0</subfield>
    <subfield code="2">lcc</subfield>
    <subfield code="4">0</subfield>
    <subfield code="7">0</subfield>
    <subfield code="a">LIC-024</subfield>
    <subfield code="b">LIC-024</subfield>
    <subfield code="c">GENERAL</subfield>
    <subfield code="d">2016-08-24</subfield>
    <subfield code="e">DON</subfield>
    <subfield code="f">1a ed.</subfield>
    <subfield code="i">IA</subfield>
    <subfield code="k">IT</subfield>
    <subfield code="o">QA13 P47 2004 C:1</subfield>
    <subfield code="p">FFM000011805</subfield>
    <subfield code="r">2016-08-24 00:00:00</subfield>
    <subfield code="t">C:1</subfield>
    <subfield code="y">LIB</subfield>
    <subfield code="z">Lectura</subfield>
  </datafield>
</record>
